Sports Quiz

Random Sports or Football Quiz

Any NFL Team Besides the Vikings Quiz Stats

 Plays Quiz Updated Jan 1, 2020

Support Sporcle.
Go Orange.
Score 0/10 Timer 02:00
1 Play Today
Hint Answer % Correct
Is in NFC NorthGreen Bay Packers
98.1%
Has started Brett Favre at QBGreen Bay Packers
97.8%
Is in NFC NorthChicago Bears
93.8%
Is in NFC NorthDetroit Lions
92.3%
Has started Brett Favre at QBNew York Jets
86.7%
Lost at least 4 Super BowlsBuffalo Bills
85.6%
Lost at least 4 Super BowlsNew England Patriots
79.3%
Lost at least 4 Super BowlsDenver Broncos
63.3%
Joined the league from 1961 to 1969Atlanta Falcons
53.5%
Joined the league from 1961 to 1969New Orleans Saints
49.4%

From the Vault

Who Am I? Famous People XIII

by DIEGO1000

History 5m
If a famous person asks you this question, you should hope you know the answer.
Remove Ads.
Support Sporcle.
Get the best of Sporcle when you Go Orange. This ad-free experience offers more features, more stats, and more fun while also helping to support Sporcle. Thank you for becoming a member.

Show Comments

Extras

Top Quizzes Today


Score Distribution

Your Account Isn't Verified!

In order to create a playlist on Sporcle, you need to verify the email address you used during registration. Go to your Sporcle Settings to finish the process.

Report this User

Report this user for behavior that violates our Community Guidelines.

Details: